Catalog

Record Details

Catalog Search



Integrated Formal Methods 8th International Conference, IFM 2010, Nancy, France, October 11-14, 2010. Proceedings  Cover Image E-book E-book

Integrated Formal Methods [electronic resource] : 8th International Conference, IFM 2010, Nancy, France, October 11-14, 2010. Proceedings / edited by Dominique Méry, Stephan Merz.

Méry, Dominique. (editor.). Merz, Stephan. (editor.). SpringerLink (Online service) (Added Author).

Electronic resources


LDR 01863nam a22004695i 4500
00140005
003CONS
00520131220062623.0
007cr nn 008mamaa
008101001s2010 gw | s |||| 0|eng d
020 . ‡a9783642162657 ‡9978-3-642-16265-7
0247 . ‡a10.1007/978-3-642-16265-7 ‡2doi
035 . ‡a(DE-He213)978-3-642-16265-7
050 4. ‡aQA76.758
072 7. ‡aUMZ ‡2bicssc
072 7. ‡aCOM051230 ‡2bisacsh
1001 . ‡aMéry, Dominique. ‡eeditor.
24510. ‡aIntegrated Formal Methods ‡h[electronic resource] : ‡b8th International Conference, IFM 2010, Nancy, France, October 11-14, 2010. Proceedings / ‡cedited by Dominique Méry, Stephan Merz.
264 1. ‡aBerlin, Heidelberg : ‡bSpringer Berlin Heidelberg, ‡c2010.
300 . ‡aX, 337p. 110 illus. ‡bonline resource.
336 . ‡atext ‡btxt ‡2rdacontent
337 . ‡acomputer ‡bc ‡2rdamedia
338 . ‡aonline resource ‡bcr ‡2rdacarrier
347 . ‡atext file ‡bPDF ‡2rda
4901 . ‡aLecture Notes in Computer Science, ‡x0302-9743 ; ‡v6396
650 0. ‡aComputer science.
650 0. ‡aSoftware engineering.
650 0. ‡aComputer software.
650 0. ‡aLogic design.
65014. ‡aComputer Science.
65024. ‡aSoftware Engineering.
65024. ‡aLogics and Meanings of Programs.
65024. ‡aProgramming Languages, Compilers, Interpreters.
65024. ‡aMathematical Logic and Formal Languages.
65024. ‡aProgramming Techniques.
65024. ‡aAlgorithm Analysis and Problem Complexity.
7001 . ‡aMerz, Stephan. ‡eeditor.
7102 . ‡aSpringerLink (Online service)
7730 . ‡tSpringer eBooks
77608. ‡iPrinted edition: ‡z9783642162640
830 0. ‡aLecture Notes in Computer Science, ‡x0302-9743 ; ‡v6396
85640. ‡uhttp://biblioteca.ipicyt.edu.mx:2048/login?url=http://dx.doi.org/10.1007/978-3-642-16265-7 ‡yTexto completo ‡9CONS
950 . ‡aComputer Science (Springer-11645)
901 . ‡a40005 ‡b ‡c40005 ‡tbiblio ‡sSystem Local

Additional Resources